[Event "Championnat de France des Jeunes - Minim"]
[Site "Aix-les-Bains"]
[Date "2009.??.??"]
[Round "5.15"]
[White "Billon, Olivier"]
[Black "Jeannesson, Clement"]
[Result "1/2-1/2"]
[WhiteElo "1995"]
[BlackElo "1842"]
[PlyCount "69"]

1. e4 c5 2. Nf3 d6 3. d4 cxd4 4. Nxd4 Nf6 5. Nc3 g6 6. Be3 Bg7 7. f3 O-O 8. Qd2
Nc6 9. Bc4 Bd7 10. O-O-O Qa5 11. Bb3 Rfc8 12. g4 Ne5 13. Kb1 Nc4 14. Bxc4 Rxc4
15. Nb3 Qd8 16. h4 Rac8 17. h5 Qc7 18. Bd4 Be6 19. hxg6 hxg6 20. Qh2 a5 21. e5
dxe5 22. Bxe5 Qb6 23. Ne4 Rxe4 24. fxe4 Bxg4 25. Rdf1 a4 26. Nd4 Rc4 27. Bxf6
exf6 28. c3 Rxc3 29. Rfg1 Qxd4 30. bxc3 Qxe4+ 31. Ka1 f5 32. Qb8+ Bf8 33. Qh2
Bg7 34. Qb8+ Bf8 35. Qh2 1/2-1/2

[Event "Championnat de France des Jeunes - Minimettes"]
[Site "Aix les Bains"]
[Date ""]
[Round "5.1"]
[White "Neuhauser, Salome"]
[Black "Haussernot, Cecile"]
[Result "1-0"]
[WhiteElo "1977"]
[BlackElo "1924"]
[Annotator ""]

1. e4 c5 2. Nf3 Nc6 3. d4 cxd4 4. Nxd4 Nf6 5. Nc3 e5 6. Ndb5 d6 7. Bg5 a6 8.
Bxf6 gxf6 9. Na3 b5 10. Nd5 Bg7 11. g3 Be6 12. Bg2 O-O 13. O-O Rc8 14. c3 f5
15. exf5 Bxf5 16. Nc2 Bxc2 17. Qxc2 f5 18. Rad1 Kh8 19. Qe2 Ne7 20. Qh5 Nxd5
21. Rxd5 Qf6 22. Rfd1 Rcd8 23. R1d3 e4 24. Rd1 Qe6 25. Bh3 Be5 26. Qh4 Rde8 27.
Qh5 Rf6 28. Qg5 Rg8 29. Qe3 Qf7 30. Bg2 Qh5 31. R1d2 Rh6 32. h3 f4 33. Qxe4
fxg3 34. f4 Qf7 35. fxe5 Re6 36. Rxd6 Rge8 37. Rxe6 Qxe6 38. Re2 Rd8 39. Qe3
Qg6 40. e6 Qb1+ 41. Re1 Rd1 42. Qe5+ Kg8 43. Qg5+ Kh8 44. Qf6+ Kg8 45. Qf7+ 1-0

[Event "Championnat de France des Jeunes - Minim"]
[Site "Aix les Bains"]
[Date "2009.??.??"]
[Round "5.2"]
[White "Soubirou, Oriane"]
[Black "Lefevre, Margaux"]
[Result "1-0"]
[WhiteElo "1855"]
[BlackElo "2021"]
[PlyCount "125"]

1. d4 Nf6 2. c4 c5 3. d5 b5 4. Qc2 bxc4 5. e4 g6 6. Bxc4 d6 7. Nf3 Bg7 8. h3
O-O 9. O-O Nbd7 10. Nc3 Nb6 11. Be2 e6 12. dxe6 fxe6 13. e5 dxe5 14. Nxe5 Nfd5
15. Nf3 Nxc3 16. bxc3 Nd5 17. Bb2 Rb8 18. Rab1 Nf4 19. c4 Rxb2 20. Rxb2 e5 21.
Rb3 Bf5 22. Qd1 Qe7 23. Re1 Rd8 24. Qc1 Qd7 25. Bf1 Qc7 26. Rd1 Rf8 27. Qe3 e4
28. Nh4 Bd7 29. g3 Nxh3+ 30. Bxh3 Bxh3 31. Qxe4 Bd4 32. Rxd4 cxd4 33. Qd5+ Qf7
34. Qxd4 Be6 35. Rf3 Qe7 36. Rxf8+ Kxf8 37. Nf3 Bg8 38. Ne5 Ke8 39. Nc6 Qe1+
40. Kg2 a5 41. Qd8+ Kf7 42. Qc7+ Kf8 43. Qf4+ Kg7 44. Qe5+ Qxe5 45. Nxe5 Kf6
46. f4 Ke6 47. Kf3 Kd6 48. Ke3 Kc5 49. Kd3 Be6 50. a3 Bf5+ 51. Kc3 Be6 52. Nd3+
Kd6 53. Kd4 Bc8 54. Ne5 Ke6 55. c5 Kf5 56. Kd5 h5 57. c6 a4 58. c7 Bb7+ 59. Kd6
Bc8 60. Ke7 g5 61. Nf7 Kg4 62. fxg5 Kxg3 63. g6 1-0

[Event "Championnat de France des Jeunes - Minim"]
[Site "Aix les Bains"]
[Date "2009.??.??"]
[Round "5.3"]
[White "Pinault, Mailys"]
[Black "Auvray, Juliette"]
[Result "1-0"]
[WhiteElo "1686"]
[BlackElo "1921"]
[PlyCount "143"]

1. e4 c6 2. Nc3 d5 3. Nf3 dxe4 4. Nxe4 Nd7 5. Bc4 e6 6. d4 Ngf6 7. Nxf6+ Nxf6
8. O-O Be7 9. Bf4 O-O 10. Re1 Re8 11. Ne5 Qc7 12. c3 Bd6 13. Qf3 Nd5 14. Bg3 f6
15. Nd3 b6 16. Bb3 Bxg3 17. Qxg3 Qxg3 18. hxg3 Kf7 19. Rad1 a5 20. c4 Ne7 21.
Nf4 g5 22. Ne2 Bb7 23. Nc3 Rad8 24. Na4 Nf5 25. d5 cxd5 26. cxd5 Bxd5 27. Bxd5
exd5 28. Nxb6 Rxe1+ 29. Rxe1 Rd6 30. Na4 d4 31. Rd1 Ke6 32. Kf1 Kd5 33. Ke2 Nh6
34. Nc3+ Ke5 35. Nb5 Rd5 36. a4 Ng4 37. Na3 Rc5 38. Rd2 Rc7 39. Nc2 Rd7 40. f3
Nh6 41. Kd3 Nf5 42. Re2+ Kd5 43. g4 Nh4 44. Nxd4 Kc5 45. Rc2+ Kd5 46. Nb3 Ke5+
47. Ke3 Rd5 48. g3 Nxf3 49. Rc5 Rxc5 50. Nxc5 Kd5 51. Nd7 Ke6 52. Nxf6 Kxf6 53.
Kxf3 Ke5 54. Ke3 Kd5 55. Kd3 h6 56. b3 Ke5 57. b4 axb4 58. Kc4 Ke4 59. a5 Kf3
60. a6 Kxg4 61. a7 Kxg3 62. a8=Q h5 63. Qb8+ Kh3 64. Qxb4 g4 65. Qc3+ g3 66.
Kd5 h4 67. Ke4 Kh2 68. Qe5 Kh3 69. Kf3 g2 70. Qf5+ Kh2 71. Qf4+ Kg1 72. Qxh4
1-0

[Event "Championnat de France des Jeunes - Minim"]
[Site "Aix les Bains"]
[Date "2009.??.??"]
[Round "5.4"]
[White "De Seroux, Camille"]
[Black "Briatte, Coline"]
[Result "1-0"]
[WhiteElo "1909"]
[BlackElo "1400"]
[PlyCount "99"]

1. e4 c5 2. Nf3 d6 3. d4 cxd4 4. Nxd4 Nf6 5. Nc3 a6 6. Be2 e5 7. Nb3 Be7 8. O-O
Be6 9. Kh1 Nbd7 10. f3 O-O 11. a4 Qc7 12. a5 Rac8 13. Be3 Qc6 14. Bd3 d5 15.
exd5 Bxd5 16. Nxd5 Nxd5 17. Bc1 N7f6 18. Re1 Qc7 19. c3 Bd6 20. Nd2 Nf4 21. Bf1
Rcd8 22. Qc2 Qe7 23. Nc4 Ng6 24. Nxd6 Rxd6 25. b3 Qd7 26. Be3 Re8 27. Red1 e4
28. fxe4 Rxe4 29. Bd4 Qg4 30. Bd3 Re8 31. Re1 Rxe1+ 32. Rxe1 Re6 33. Rf1 Qg5
34. b4 Qd5 35. Qf2 Qd8 36. Qf5 Nh4 37. Bxf6 Nxf5 38. Bxd8 Ne3 39. Re1 Rd6 40.
Rxe3 Rxd8 41. Kg1 h6 42. Kf2 Kf8 43. Ke2 Rc8 44. Be4 Rc7 45. Bd5 Rd7 46. c4 g5
47. Kd3 Kg7 48. Kd4 Kf6 49. Kc5 Kf5 50. Kb6 1-0

[Event "Championnat de France des Jeunes - Minim"]
[Site "Aix les Bains"]
[Date "2009.??.??"]
[Round "5.5"]
[White "Josse, Mathilde"]
[Black "Le Bail, Arielle"]
[Result "1/2-1/2"]
[WhiteElo "1681"]
[BlackElo "1859"]
[PlyCount "84"]

1. e4 e6 2. d4 d5 3. Nd2 c5 4. exd5 exd5 5. Ngf3 Nf6 6. Be2 Be7 7. O-O O-O 8.
dxc5 Bxc5 9. Nb3 Be7 10. Bg5 Nbd7 11. Bd3 h6 12. Bxf6 Bxf6 13. c3 Nb6 14. h3
Na4 15. Qc2 Bd7 16. Rfe1 Qc7 17. Nfd4 b6 18. Nf5 Rfe8 19. Nbd4 a6 20. Re2 Rxe2
21. Bxe2 Nc5 22. Bf3 Be6 23. Re1 Rd8 24. Re3 Bg5 25. Re1 g6 26. Ng3 Bc8 27. Qd1
Kg7 28. Re2 Ne6 29. Bg4 Nf4 30. Rc2 f5 31. Bf3 Qd6 32. Nge2 Re8 33. Nxf4 Bxf4
34. Ne2 Bb7 35. Nxf4 Qxf4 36. Rd2 Re5 37. b3 b5 38. Bxd5 Bxd5 39. Rxd5 Rxd5 40.
Qxd5 Qc1+ 41. Kh2 Qf4+ 42. Kg1 Qc1+ 1/2-1/2

[Event "Championnat de France des Jeunes - Minim"]
[Site "Aix les Bains"]
[Date "2009.??.??"]
[Round "5.6"]
[White "Abidi, Ines"]
[Black "Saucey, Capucine"]
[Result "0-1"]
[WhiteElo "1643"]
[BlackElo "1764"]
[PlyCount "152"]

1. d4 c5 2. e3 cxd4 3. exd4 d5 4. Nf3 Nc6 5. c4 Nf6 6. Nc3 Bg4 7. cxd5 Nxd5 8.
Be2 e6 9. O-O Be7 10. Nxd5 Qxd5 11. Be3 O-O 12. Qa4 Rfd8 13. h3 Bh5 14. Rfd1
Qd6 15. Qb5 Bg6 16. Ne5 Be4 17. Rac1 Rab8 18. Bf3 Bxf3 19. Nxf3 Qd5 20. Qxd5
Rxd5 21. Rd2 Rbd8 22. Rcc2 Bf6 23. Rc4 h6 24. Rd1 e5 25. Rd2 Nxd4 26. Nxd4 exd4
27. Bf4 b5 28. Rc1 d3 29. Rcd1 b4 30. Be3 a5 31. Bb6 R8d7 32. Kf1 Bc3 33. bxc3
bxc3 34. Bxa5 Rxa5 35. Rxd3 Rxd3 36. Rxd3 c2 37. Rc3 Rxa2 38. Ke1 Kh7 39. g4 g5
40. Rc6 Ra3 41. Rxc2 Rxh3 42. Ke2 Kg6 43. Rc6+ f6 44. f3 h5 45. gxh5+ Rxh5 46.
Ke3 Rh7 47. Re6 Kf5 48. Re4 Rh4 49. Re8 Ra4 50. Rb8 Ra3+ 51. Kf2 Rc3 52. Rb5+
Kf4 53. Rb4+ Ke5 54. Re4+ Kd5 55. Re8 Rc4 56. Ke3 f5 57. Kf2 Rc2+ 58. Kg3 Rc5
59. Kh3 Kd4 60. Rg8 Ke3 61. Rxg5 Kxf3 62. Rg3+ Ke4 63. Ra3 Rd5 64. Kg3 f4+ 65.
Kg4 Rd4 66. Rf3 Ke5 67. Kg5 Re4 68. Kg4 Re1 69. Kh3 Ke4 70. Kg2 Rg1+ 71. Kxg1
Kxf3 72. Kf1 Ke3 73. Ke1 f3 74. Kf1 f2 75. Kg2 Ke2 76. Kg3 f1=R 0-1

[Event "Championnat de France des Jeunes - Minim"]
[Site "Aix les Bains"]
[Date "2009.??.??"]
[Round "5.7"]
[White "Thuret, Marine"]
[Black "Benac, Anais"]
[Result "1-0"]
[WhiteElo "1764"]
[BlackElo "1680"]
[PlyCount "97"]

1. Nc3 e5 2. Nf3 Nc6 3. d4 exd4 4. Nxd4 Nf6 5. Bg5 Be7 6. Nf5 Rg8 7. Nxe7 Nxe7
8. e4 h6 9. Bxf6 gxf6 10. Qh5 Rg6 11. f4 Ng8 12. Bc4 Qe7 13. O-O-O c6 14. e5
fxe5 15. Rhe1 d6 16. h3 Bd7 17. Kb1 O-O-O 18. fxe5 d5 19. Bd3 Rxg2 20. Rg1 Rg5
21. Rxg5 hxg5 22. Re1 f6 23. e6 Kc7 24. Re2 Bc8 25. Bg6 Qc5 26. Qg4 Ne7 27. Bf7
Qc4 28. Qxc4 dxc4 29. Kc1 f5 30. Nd1 f4 31. Nf2 Rh8 32. Re5 Kd6 33. Rxg5 Bxe6
34. Ne4+ Kc7 35. Bxe6 b5 36. Rg7 Kd8 37. Ng5 Rh4 38. Bg4 a5 39. Ne6+ Ke8 40.
Nxf4 Rh6 41. Rg5 Rd6 42. h4 Nd5 43. Nxd5 cxd5 44. Bf3 d4 45. Rxb5 c3 46. bxc3
dxc3 47. Rc5 Rd4 48. h5 Ra4 49. Bc6+ 1-0

[Event "Championnat de France des Jeunes - Minim"]
[Site "Aix les Bains"]
[Date "2009.??.??"]
[Round "5.8"]
[White "Bogen, Fanny"]
[Black "Lenoel, Marine"]
[Result "0-1"]
[WhiteElo "1570"]
[BlackElo "1687"]
[PlyCount "52"]

1. e4 e5 2. Nf3 Nc6 3. Bc4 Bc5 4. c3 Nf6 5. d4 exd4 6. e5 Qe7 7. O-O Ng4 8.
cxd4 Bb6 9. Nc3 Qb4 10. Bxf7+ Kxf7 11. Ng5+ Ke8 12. Qxg4 Qxd4 13. Qf3 Rf8 14.
Qh5+ g6 15. Qxh7 Rxf2 16. Qxg6+ Kd8 17. Ne6+ dxe6 18. Bg5+ Ne7 19. Rad1 Rf6+
20. Rxd4+ Bxd4+ 21. Rf2 Bxf2+ 22. Kf1 Rxg6 23. Bxe7+ Kxe7 24. Kxf2 Bd7 25. Ne4
Rf8+ 26. Ke3 Rxg2 0-1

[Event "Championnat de France des Jeunes - Minim"]
[Site "Aix les Bains"]
[Date "2009.??.??"]
[Round "5.9"]
[White "Daadaa, Soha"]
[Black "Daif, Sarah"]
[Result "1-0"]
[WhiteElo "1590"]
[BlackElo "1588"]
[PlyCount "61"]

1. Nf3 g6 2. d4 Bg7 3. Nc3 d6 4. e4 Nd7 5. Bf4 e5 6. Bg3 Ne7 7. Bb5 c6 8. Be2
O-O 9. O-O Qc7 10. Rc1 a6 11. Qd2 Re8 12. Rfd1 h6 13. a4 Kh7 14. Bc4 Kg8 15. h3
b5 16. axb5 axb5 17. Bb3 b4 18. Ne2 c5 19. dxe5 dxe5 20. c3 c4 21. cxb4 Nb6 22.
Qc3 Bb7 23. Bxe5 Bxe5 24. Nxe5 Bxe4 25. Nxc4 Nbd5 26. Qe5 Qxe5 27. Nxe5 Kg7 28.
Nc3 Nxc3 29. bxc3 Ra3 30. Bxf7 Nf5 31. Bxe8 1-0

[Event "Championnat de France des Jeunes - Minim"]
[Site "Aix les Bains"]
[Date "2009.??.??"]
[Round "5.10"]
[White "Colin, Phanie"]
[Black "Bellotti, Charlotte"]
[Result "1-0"]
[WhiteElo "1800"]
[BlackElo "1758"]
[PlyCount "45"]

1. e4 c5 2. Nc3 Nc6 3. g3 d6 4. Bg2 Nf6 5. d3 Bd7 6. Nge2 Qc8 7. h3 g6 8. Be3
h5 9. d4 cxd4 10. Nxd4 Bg7 11. Qd2 a6 12. a4 Qc7 13. O-O h4 14. g4 Nxg4 15.
hxg4 Bxg4 16. f3 Bd7 17. f4 O-O-O 18. Nd5 Qb8 19. Nxc6 bxc6 20. Nxe7+ Kc7 21.
Qa5+ Kb7 22. Qb6+ Ka8 23. Qxa6+ 1-0

[Event "Championnat de France des Jeunes - Minim"]
[Site "Aix les Bains"]
[Date "2009.??.??"]
[Round "5.11"]
[White "Llacer, Cassandra"]
[Black "Ranc, Candice"]
[Result "1-0"]
[WhiteElo "1910"]
[BlackElo "1590"]
[PlyCount "87"]

1. e4 e5 2. Bc4 Nf6 3. d3 Nc6 4. Nc3 Be7 5. f4 d6 6. Nf3 Bg4 7. h3 Bxf3 8. Qxf3
Na5 9. Bb3 Nxb3 10. axb3 Nd7 11. O-O O-O 12. Qe2 f5 13. exf5 Rxf5 14. Qg4 Qf8
15. Bd2 exf4 16. Bxf4 d5 17. Be3 g6 18. Rxf5 Qxf5 19. Qxf5 gxf5 20. Nxd5 Bd6
21. Bh6 Kf7 22. Be3 Kg6 23. Rf1 Rf8 24. Bd4 c6 25. Nc3 c5 26. Be3 Nf6 27. Nb5
Nd5 28. Bf2 Be7 29. Re1 a6 30. Na3 Bd6 31. Nc4 Bc7 32. Bxc5 Rf7 33. Ne5+ Bxe5
34. Rxe5 Nc7 35. c4 Kf6 36. Bd4 Kg6 37. Bc3 f4 38. Kf2 Rf5 39. Re7 Rf7 40. Rxf7
Kxf7 41. Be5 Ne6 42. d4 Nd8 43. Bxf4 Ne6 44. Be3 1-0

[Event "Championnat de France des Jeunes - Minim"]
[Site "Aix les Bains"]
[Date "2009.??.??"]
[Round "5.12"]
[White "Perrier, Lea"]
[Black "Kohi, Camilla"]
[Result "0-1"]
[WhiteElo "1596"]
[BlackElo "1843"]
[PlyCount "80"]

1. e4 e6 2. d4 d5 3. e5 c5 4. c3 Bd7 5. Nf3 Qb6 6. a3 Nc6 7. b4 cxd4 8. cxd4 a6
9. Bb2 Be7 10. Be2 Nh6 11. h3 f6 12. O-O O-O 13. Re1 fxe5 14. dxe5 Rac8 15.
Nbd2 Be8 16. Rc1 Bg6 17. Nb3 Nf7 18. Nc5 Bxc5 19. Rxc5 a5 20. Nd4 Ng5 21. h4
Ne4 22. Rb5 Qa7 23. Rf1 axb4 24. Nxc6 bxc6 25. Rxb4 Nxf2 26. Bd4 Nxd1 27. Bxa7
Nc3 28. Bg4 Rxf1+ 29. Kxf1 Bf7 30. Rb7 Ne4 31. a4 h5 32. Bh3 c5 33. Bb8 c4 34.
Bd6 c3 35. Ba3 d4 36. Rd7 Rc4 37. a5 c2 38. Bc1 Ra4 39. Rc7 d3 40. Ke1 Ra1 0-1

[Event "Championnat de France des Jeunes - Minim"]
[Site "Aix les Bains"]
[Date "2009.??.??"]
[Round "5.13"]
[White "Turquetille, Annabelle"]
[Black "Armas, Lena"]
[Result "1-0"]
[WhiteElo "1590"]
[BlackElo "1814"]
[PlyCount "73"]

1. e4 c5 2. Nf3 d6 3. d4 cxd4 4. Nxd4 Nf6 5. Nc3 a6 6. Bc4 e6 7. Bb3 Be7 8. g4
Nbd7 9. Bxe6 Ne5 10. Bxc8 Qxc8 11. Rg1 Qd8 12. Nf5 Bf8 13. f4 Nc6 14. Be3 g6
15. Ng3 Bg7 16. Nd5 Nd7 17. Qd3 Bxb2 18. Rb1 Qa5+ 19. Bd2 Qxa2 20. c3 Rc8 21.
Qc2 Nd4 22. Qxb2 Qxb2 23. Rxb2 Nf3+ 24. Kf2 Nxg1 25. Kxg1 Nc5 26. c4 O-O 27.
Ne7+ Kg7 28. Bc3+ f6 29. Nxc8 Rxc8 30. Bd4 Nd3 31. Rxb7+ Kf8 32. Bxf6 Nxf4 33.
Be7+ Ke8 34. Bxd6 Nd3 35. c5 Nxc5 36. Bxc5 Rxc5 37. Rxh7 1-0

[Event "Championnat de France des Jeunes - Minim"]
[Site "Aix les Bains"]
[Date "2009.??.??"]
[Round "5.14"]
[White "Copin, Oceane"]
[Black "Harwood, Elisabeth"]
[Result "1-0"]
[WhiteElo "1790"]
[BlackElo "1460"]
[PlyCount "93"]

1. d4 d5 2. Nf3 Nf6 3. c4 c6 4. Qc2 e6 5. g3 Nbd7 6. Bg2 Be7 7. O-O O-O 8. Rd1
b6 9. b3 Bb7 10. Nc3 Re8 11. e4 dxe4 12. Nxe4 Qc8 13. Bb2 Rd8 14. Nfd2 c5 15.
Re1 a6 16. dxc5 Nxe4 17. Nxe4 bxc5 18. Rad1 Rb8 19. Qe2 f6 20. Nd6 Bxd6 21.
Qxe6+ Kh8 22. Bxb7 Qxb7 23. Qxd6 h6 24. Re7 Qb6 25. Rxd7 Qxd6 26. R1xd6 Rxd7
27. Rxd7 Re8 28. Kf1 Kh7 29. Bxf6 Rg8 30. Bb2 Kg6 31. Rd6+ Kh7 32. Rxa6 Rf8 33.
Ra7 Rg8 34. a4 Kh8 35. Bxg7+ Rxg7 36. Rxg7 Kxg7 37. a5 Kf6 38. a6 Ke5 39. a7
Kd4 40. a8=Q Kc3 41. Qc6 Kxb3 42. Qxc5 h5 43. Ke2 h4 44. Kd3 h3 45. Qb5+ Ka3
46. Kc3 Ka2 47. Qb2# 1-0

[Event "Championnat de France des Jeunes - Minim"]
[Site "Aix les Bains"]
[Date "2009.??.??"]
[Round "5.15"]
[White "Gassama, Aissatou"]
[Black "Alonso, Audrey"]
[Result "0-1"]
[WhiteElo "1520"]
[BlackElo "1774"]
[PlyCount "68"]

1. e4 e5 2. Nf3 Nc6 3. Bc4 Be7 4. c3 Nf6 5. d3 d6 6. h3 Na5 7. O-O Nxc4 8. Qa4+
c6 9. Qxc4 Be6 10. Qa4 O-O 11. Be3 Qc7 12. Nbd2 Nd7 13. Rfe1 f5 14. exf5 Bxf5
15. Qc2 Kh8 16. Rad1 Rae8 17. Nf1 Bxh3 18. Ng5 Bxg5 19. gxh3 Bxe3 20. Rxe3 Rf7
21. Ng3 Ref8 22. Rf1 Qd8 23. Re2 Nc5 24. d4 Ne6 25. dxe5 Nf4 26. Rd2 Nxh3+ 27.
Kg2 Nf4+ 28. Kg1 d5 29. Re1 Qh4 30. Nh1 Qg4+ 31. Ng3 Qh3 32. f3 Qxg3+ 33. Kf1
Qxf3+ 34. Rf2 Qh1# 0-1

[Event "Championnat de France des Jeunes - Benjamins"]
[Site "LE GRAND BORNAND"]
[Date ""]
[Round "5.1"]
[White "Giroyan, Gary"]
[Black "Loiseau, Quentin"]
[Result "1-0"]
[WhiteElo "2168"]
[BlackElo "2076"]
[Annotator ""]

1. e4 e5 2. Nf3 Nc6 3. Bb5 a6 4. Ba4 Nf6 5. Qe2 d6 6. c3 Be7 7. O-O O-O 8. Rd1
b5 9. Bc2 Bg4 10. d4 Re8 11. h3 Bh5 12. d5 Na5 13. Nbd2 c6 14. b4 Bxf3 15. Qxf3
Nc4 16. Nxc4 bxc4 17. dxc6 Qc7 18. Ba4 d5 19. exd5 Bd6 20. Be3 e4 21. Qe2 Be5
22. Kh1 g6 23. Qxc4 Nh5 24. Bc2 Bf4 25. Qd4 Bxe3 26. Qxe3 Rad8 27. a4 Qe5 28.
Rd4 f5 29. d6 1-0

[Event "Championnat de France des Jeunes - Benja"]
[Site "LE GRAND BORNAND"]
[Date "2009.04.22"]
[Round "5.2"]
[White "Lemeille, Francois"]
[Black "Moussard, Jules"]
[Result "0-1"]
[WhiteElo "1931"]
[BlackElo "2276"]
[PlyCount "90"]

1. e4 c5 2. Nf3 d6 3. d4 cxd4 4. Nxd4 Nf6 5. Nc3 a6 6. Bg5 e6 7. f4 Nc6 8. Qd2
h6 9. Nxc6 bxc6 10. Bxf6 gxf6 11. O-O-O Rb8 12. g4 Qb6 13. Na4 Qb4 14. Qxb4
Rxb4 15. Nc3 h5 16. a3 Rb8 17. Be2 hxg4 18. Bxg4 Ke7 19. Ne2 c5 20. f5 Bh6+ 21.
Kb1 Bb7 22. Rhe1 Be3 23. h3 Ba8 24. Ka1 Rb6 25. Rd3 Bg5 26. Rb3 Rxb3 27. cxb3
Bh4 28. Rf1 Bxe4 29. Nc3 Bc2 30. Rf3 Bxb3 31. Re3 e5 32. Rd3 Rb8 33. Nd5+ Kd7
34. Bh5 Bc2 35. Rd2 Bxf5 36. Bxf7 Bg5 37. Rf2 Bxh3 38. Nxf6+ Bxf6 39. Rxf6 Ke7
40. Rf3 Bg4 41. Rg3 Kxf7 42. Rxg4 d5 43. Ra4 e4 44. Kb1 e3 45. Kc2 Rxb2+ 0-1

[Event "Championnat de France des Jeunes - Benja"]
[Site "LE GRAND BORNAND"]
[Date "2009.04.22"]
[Round "5.3"]
[White "Ringuet, Noe"]
[Black "Roubaud, Alexandre"]
[Result "0-1"]
[WhiteElo "1906"]
[BlackElo "2074"]
[PlyCount "72"]

1. e4 e5 2. Nf3 Nc6 3. Bc4 Bc5 4. O-O d6 5. c3 Bb6 6. d3 Nf6 7. Nbd2 O-O 8. Bb3
Be6 9. Bc2 Nd7 10. Re1 f5 11. h3 f4 12. a4 a5 13. Bb3 Bf7 14. Bxf7+ Rxf7 15.
Nc4 Ba7 16. Rb1 Qf6 17. b4 axb4 18. cxb4 g5 19. b5 Nd4 20. Bb2 Ne6 21. d4 Nxd4
22. Bxd4 Bxd4 23. Nxd4 exd4 24. Ra1 Ne5 25. Na3 f3 26. Qxd4 fxg2 27. Kxg2 Qf3+
28. Kg1 Qxh3 29. Re3 Nf3+ 30. Rxf3 Qxf3 31. Ra2 Qb3 32. Qd2 h6 33. a5 Rxa5 34.
Qxa5 Qxa2 35. Qa8+ Kg7 36. Qa7 b6 0-1

[Event "Championnat de France des Jeunes - Benja"]
[Site "LE GRAND BORNAND"]
[Date "2009.04.22"]
[Round "5.4"]
[White "Perrois, Aurelien"]
[Black "Cabanes, Kim"]
[Result "1/2-1/2"]
[WhiteElo "1840"]
[BlackElo "1932"]
[PlyCount "85"]

1. d4 d5 2. c4 c6 3. cxd5 cxd5 4. Nc3 Nf6 5. Nf3 a6 6. Bf4 Nc6 7. Rc1 Bf5 8. e3
e6 9. Qb3 Ra7 10. Be2 Bd6 11. Bg3 O-O 12. O-O h6 13. Na4 Bxg3 14. hxg3 Nd7 15.
Nc5 Nxc5 16. Rxc5 f6 17. Bd3 Bxd3 18. Qxd3 Qd6 19. Rfc1 Raa8 20. a3 Rad8 21.
Rd1 Rf7 22. Rc2 Rfd7 23. Qc3 Rc8 24. Rdc1 Ne7 25. Qd3 Rdc7 26. b4 Rxc2 27. Rxc2
Rxc2 28. Qxc2 Qc6 29. Qxc6 Nxc6 30. Nd2 Kf7 31. Kf1 e5 32. Nb3 b6 33. Ke2 h5
34. Kd3 Ke6 35. e4 dxe4+ 36. Kxe4 f5+ 37. Kd3 Nxd4 38. Nxd4+ exd4 39. Kxd4 g5
40. f3 Kd6 41. a4 g4 42. f4 a5 43. b5 1/2-1/2

[Event "Championnat de France des Jeunes - Benja"]
[Site "LE GRAND BORNAND"]
[Date "2009.04.22"]
[Round "5.5"]
[White "Grandadam, Patrick"]
[Black "Siclet, Mathieu"]
[Result "1/2-1/2"]
[WhiteElo "2055"]
[BlackElo "1835"]
[PlyCount "66"]

1. Nf3 Nf6 2. c4 d5 3. d4 e6 4. Nc3 Nbd7 5. Bg5 Be7 6. e3 c6 7. Qc2 O-O 8. Rc1
Re8 9. a3 Nf8 10. h3 Ng6 11. cxd5 Nxd5 12. Bxe7 Qxe7 13. Bd3 Nh4 14. Nxh4 Qxh4
15. O-O Kf8 16. Kh2 Bd7 17. g3 Qh6 18. Nxd5 exd5 19. Bf5 Be6 20. Bxe6 Rxe6 21.
b4 Qh5 22. Kg2 Qg6 23. Qxg6 Rxg6 24. Rc5 Ke7 25. Rfc1 Kd7 26. b5 Rb8 27. Kf3
Re6 28. h4 h5 29. Ke2 Rbe8 30. Kd3 Rb8 31. R1c2 a6 32. a4 f5 33. Ke2 g6 1/2-1/2

[Event "Championnat de France des Jeunes - Benja"]
[Site "LE GRAND BORNAND"]
[Date "2009.04.22"]
[Round "5.6"]
[White "Gautier, Clement"]
[Black "Barbot, Pierre"]
[Result "0-1"]
[WhiteElo "1841"]
[BlackElo "2050"]
[PlyCount "78"]

1. e4 c5 2. Nc3 Nc6 3. g3 g6 4. Bg2 Bg7 5. d3 d6 6. Be3 e6 7. Qd2 Rb8 8. Nge2
Nd4 9. O-O Ne7 10. Nd1 b5 11. Nc1 b4 12. c3 bxc3 13. bxc3 Ndc6 14. d4 Ba6 15.
Re1 cxd4 16. cxd4 O-O 17. Nb3 Qd7 18. Rc1 Nb4 19. Nb2 Nxa2 20. Ra1 Nb4 21. Ra4
Nd3 22. Rb1 Rxb3 23. Rxa6 Qb7 24. Ra2 Rb8 25. Rba1 Rxb2 26. Qxd3 Rxa2 27. Rxa2
Nc6 28. Rd2 a5 29. h4 Nb4 30. Qa3 Ra8 31. Rb2 Qc6 32. e5 d5 33. Bd2 Bf8 34. Qf3
Qc4 35. Be3 a4 36. Bf1 a3 37. Rb1 a2 38. Ra1 Qc3 39. Qd1 Nc2 0-1

[Event "Championnat de France des Jeunes - Benja"]
[Site "LE GRAND BORNAND"]
[Date "2009.04.22"]
[Round "5.7"]
[White "Neri, Jean-Baptiste"]
[Black "Ton-That, Nicolas"]
[Result "1/2-1/2"]
[WhiteElo "2009"]
[BlackElo "1841"]
[PlyCount "63"]

1. e4 c5 2. Nf3 Nc6 3. d4 cxd4 4. Nxd4 g6 5. c4 Bg7 6. Nc2 Nf6 7. Nc3 d6 8. Be2
O-O 9. O-O Bd7 10. Rb1 Rc8 11. f4 Qc7 12. Bd2 Qb8 13. b4 e6 14. b5 Na5 15. Ne3
b6 16. Qe1 Nb7 17. Qh4 Nc5 18. Bf3 Nd3 19. Be2 Nc5 20. f5 Rce8 21. Bf3 exf5 22.
exf5 Bxf5 23. Nxf5 gxf5 24. Bh6 Bxh6 25. Qxh6 Qd8 26. Nd5 Re6 27. Nf4 Re5 28.
Rbd1 Nce4 29. Bxe4 fxe4 30. Nh3 Ng4 31. Qxd6 Qxd6 32. Rxd6 1/2-1/2

[Event "Championnat de France des Jeunes - Benja"]
[Site "LE GRAND BORNAND"]
[Date "2009.04.22"]
[Round "5.8"]
[White "Gros, Alexandre"]
[Black "Gueriche, Guillaume"]
[Result "0-1"]
[WhiteElo "1813"]
[BlackElo "1972"]
[PlyCount "108"]

1. Nf3 c5 2. g3 b6 3. Bg2 Bb7 4. c4 e6 5. Nc3 Nf6 6. O-O Be7 7. d4 cxd4 8. Qxd4
O-O 9. b3 d5 10. cxd5 Nxd5 11. Nxd5 Bxd5 12. Bb2 Bf6 13. Qd2 Nd7 14. Rac1 Nc5
15. Bxf6 Qxf6 16. Qd4 Qe7 17. Rfd1 Rfd8 18. Qb2 Qb7 19. Rd2 Rac8 20. Ne1 Bxg2
21. Nxg2 Ne4 22. Rxc8 Rxc8 23. Rd4 h6 24. Ne3 Ng5 25. f3 b5 26. Qd2 e5 27. Rd7
Qb6 28. Kg2 Qe6 29. g4 g6 30. Rxa7 Qb6 31. Rd7 Kg7 32. Rd5 e4 33. Qd4+ Qxd4 34.
Rxd4 exf3+ 35. exf3 Ne6 36. Rd7 Rc3 37. Kf2 Nc5 38. Ke2 Nxd7 39. Kd2 Rc6 40.
Nd5 Ra6 41. Nc3 b4 42. Na4 Nb6 43. Nc5 Rxa2+ 44. Kd3 Rxh2 45. Na6 Nd5 46. Kc4
Rd2 47. Kc5 h5 48. gxh5 gxh5 49. Nxb4 Nxb4 50. Kxb4 h4 51. Kc3 Rd8 52. b4 h3
53. b5 h2 54. b6 h1=Q 0-1

[Event "Championnat de France des Jeunes - Benja"]
[Site "LE GRAND BORNAND"]
[Date "2009.04.22"]
[Round "5.9"]
[White "Aubry, Yannis"]
[Black "Jeannesson, Etienne"]
[Result "0-1"]
[WhiteElo "1932"]
[BlackElo "1780"]
[PlyCount "72"]

1. e4 c5 2. Nf3 d6 3. d4 cxd4 4. Nxd4 Nf6 5. Nc3 g6 6. Be3 Bg7 7. f3 Nc6 8. Bc4
O-O 9. Qd2 Bd7 10. h4 Ne5 11. Bb3 h5 12. O-O-O Rc8 13. g4 hxg4 14. h5 Nxh5 15.
f4 Nc4 16. Bxc4 Rxc4 17. Nde2 b5 18. b3 b4 19. bxc4 bxc3 20. Qd5 Be6 21. Qb5
Qc7 22. Qb4 Rb8 23. Qa3 Qxc4 24. Rde1 Rb2 25. e5 Rxa2 26. Qxc3 Qa4 27. Nd4 Bd5
28. Qc8+ Kh7 29. Rxh5+ gxh5 30. Qf5+ Kg8 31. e6 fxe6 32. Qg6 Kf8 33. c3 Qa3+
34. Kd1 Bb3+ 35. Nxb3 Qxb3+ 36. Kc1 Qb2+ 0-1

[Event "Championnat de France des Jeunes - Benja"]
[Site "LE GRAND BORNAND"]
[Date "2009.04.22"]
[Round "5.10"]
[White "Deslias, Gregoire"]
[Black "Cornaton, Antoine"]
[Result "1-0"]
[WhiteElo "1806"]
[BlackElo "1870"]
[PlyCount "113"]

1. d4 d5 2. c4 e6 3. Nc3 Nf6 4. cxd5 exd5 5. Bg5 Nbd7 6. e3 Be7 7. Bd3 c6 8.
Nf3 O-O 9. O-O Re8 10. Qc2 Nf8 11. Rab1 h6 12. Bh4 Nh5 13. Bxe7 Rxe7 14. b4 a6
15. a4 Nf6 16. b5 axb5 17. axb5 Bd7 18. Ne5 Qc7 19. Nxd7 Rxd7 20. bxc6 bxc6 21.
Na4 Re7 22. Nc5 Qd6 23. h3 N8d7 24. Rfc1 Nxc5 25. Qxc5 Qxc5 26. Rxc5 Ree8 27.
Rbc1 g5 28. Bf5 Re7 29. Rxc6 Kg7 30. g3 Rb7 31. Rc7 Rb6 32. Kg2 Ra2 33. R1c2
Ra1 34. R7c6 Rxc6 35. Rxc6 Ne4 36. Bxe4 dxe4 37. Rc5 Kg6 38. Re5 f5 39. g4 h5
40. Rxf5 h4 41. Re5 Kf6 42. Rxe4 Ra5 43. Re5 Ra4 44. Rf5+ Kg6 45. Kf3 Ra1 46.
Ke4 Rh1 47. Rf3 Rd1 48. d5 Kh6 49. Ke5 Ra1 50. Ke6 Kg7 51. d6 Ra6 52. e4 Kg6
53. e5 Ra7 54. d7 Ra6+ 55. Ke7 Ra7 56. Ke8 Ra5 57. e6 1-0